00395nam a2200121Ia 4500008004100000245008400041260004500125260000900170300000800179500001100187650001300198856006200211170516s9999 xx 000 0 und d aPreparation and evaluation of sustained-release diltiazem hydrochloride pellets bAsian Journal of Pharmaceutical Sciences c2013 a8:4 aAugust xPharmacy uhttp://www.sciencedirect.com/science/journal/18180876/8/4